000 00333nam a22001457a 4500
008 221109b ||||| |||| 00| 0 eng d
020 _a9780133352030
041 _aeng
080 _2FIFTH EDITION
_a159.9
082 _a159.9 OWE
100 _a25
101 _aPSI
245 _aCOMMUNICATION DISORDERS
_cOWENS .
942 _2udc
_cBK
999 _c58812
_d58812